000 00513nam a2200205Ia 4500
003 OSt
005 20250129103735.0
008 210210b1972 xxu||||| |||| 00| 0 eng d
040 _cAL
041 _aHindi
082 _aH891.4 BAKD
100 _aBAKSHI (Ramesh).
_dरमेश बक्षी
_9195908
245 _aDilhi.
_bदिल्ली
260 _aDilli
_bRajpal End Sanj
_c1972
300 _a92
650 _aDilli
_9195909
690 _aHindi Prose
_9195910
906 _a030687
942 _2ddc
_cBK
999 _c81754
_d81754